000 01151nam a2200241Ia 4500
999 _c51220
_d51220
001 18180
003 GE_BSU
005 20250402110444.0
008 181216s2014||||ge |||||||||||||| ||geo||
020 _a9785881070854
040 _cGE_BSU
041 _ageo
080 _a616 მ-13
100 _aმაგაზანიკ, ნ.ა.
_924728
245 _aდიაგნოსტიკა ანალიზების გარეშე, მკურნალობა მედიკამენტების გარეშე
_cნ. ა. მაგაზანიკ; მთარგმნელი ჯიმშერ ლეჟავა.
264 _aთბილისი,
_c2014.
300 _a380 გვ.;
_b21 სმ.
653 _aშინაგან ორგანოთა დაავადებების დიაგნოსტიკა
653 _aშინაგან ორგანოთა დაავადებების მკურნალობა
653 _aმედიცინა
700 _aლეჟავა, ჯიმშერ
_eმთარგმნელი
_924729
942 _cBK
_2udc